| 000 | 00939cab a2200265 4500 | ||
|---|---|---|---|
| 001 | WB3025-23 | ||
| 008 | 090401t1994 xxu||||| |||| 00| 0 eng d | ||
| 035 | _a(Sirsi) u27977 | ||
| 041 | _aeng | ||
| 245 | _aBraer environmental impact study | ||
| 260 | _c1994 | ||
| 350 | _a0 | ||
| 490 |
_aScottish Office Information Directorate _v(0809/94) 27 June 1994 (10) |
||
| 520 | _aA study commissioned by the Scottish Office has found the impact of the Braer oil spill on the environment to have been minimal. Summarises main recommendations on the response to any future oil spills. "The environmental impact of the wreck of the Braer" £15. | ||
| 650 | _aBRAER | ||
| 650 | _aDISASTER PLANNING | ||
| 650 | _aENVIRONMENTAL IMPACT | ||
| 650 | _aOIL SPILLS | ||
| 650 | _aSCOTLAND | ||
| 650 | _aSHETLAND ISLANDS | ||
| 690 | _aENVIRONMENTAL AND LAND CONSULTANCY | ||
| 690 | _aMARINE RESOURCES | ||
| 942 | _n0 | ||
| 948 | _c04/03/1997 | ||
| 999 |
_c18865 _d18865 |
||